000 00560nam a22002057a 4500
005 20240928084036.0
008 240928b |||||||| |||| 00| 0 eng d
020 _a9789327193510
040 _aIN-DiNC
_cIN-DiNC
041 _deng
082 _a030
_bMAH
100 _aMahanta, Atul
_eauthor
245 _aKnow your state Assam/
_cby Atul Mahanta and Rohan Bora
260 _aMeerut:
_bArihant,
_cn.a.
300 _a384p.
650 _aGeneral knowledge on Assam
650 _aCurrent affairs on Assam
700 _aBora, Rohan
_eauthor
942 _2ddc
_cBK
999 _c12011
_d12011